1308 1306 1672 1130 1449 1266 1968 1127 1815 1635 1284 1568 1977 1880 1641 1430 1409 1050 1678 1694 1233 1394 1778 1021 1914 1787 1082 1633 1364 1494 1508 1956 1661 1998 1185 1466 1652 1620 1381 1020 1298 1493 1161 1440 1638 1532 1859 1062 1492 1859 1752 1096 1184 1832 1358 1859 1661 1037 1477 1348 1412 1261 1366 1791 1384 1536 1974 1539 1349 1722 1223 1365 1934 1706 1881 1526 1934 1564 1111 1157 1003 1631 1326 1135 1540 1382 1439 1648 1150 1783 1408 1323 1095 1641 1242 1703 1492 1223 1503 BCNSPRNW ULIB Ver.6.0+V

เปลี่ยนเป็นภาษาไทย

Change to English
 แสดงรายละเอียดบรรณานุกรม
  กลับหน้าหลัก

Brief Record : Get Marc (ISO 2709) : E-mail record : QR code < ปิดหน้าต่าง
LEADER : 00000nam a2200000Ia 4500
001    13399125383
003     ULIB
008    160728s2559 th 000 0 tha d
020    ^a9786164067240
060 04 ^aWY20.5^bอ664ก
100 0  ^aอารีย์วรรณ อ่วมตานี
245 10 ^aการวิจัยเชิงคุณภาพทางการพยาบาล =^bQualitative research innursing /^cอารีย์วรรณ อ่วมตานี
246 31 ^aQualitative research in nursing
250    ^aพิมพ์ครั้งที่ 3
260    ^aกรุงเทพฯ :^bคณะพยาบาลศาสตร์ จุฬาลงกรณ์มหาวิทยาลัย,^c2559
300    ^a305 หน้า ;^c26 ซม.
505 2  ^aบทนำ--การวางแผนการวิจัยเชิงคุณภาพ --การเก็บรวบรวมข้อมูลการวิจัยเชิงคุณภาพ -- การวิเคราะห์ข้อมูล --ความน่าเชื่อถือได้ของข้อมูลการวิจัยเชิงคุณภาพ --การเขียนรายงานการวิจัยเชิงคุณภาพ -- การวิจัยปรากฏการณ์วิทยา --การวิจัยทฤษฏีพื้นฐาน
650  4 ^aการพยาบาล^xวิจัย
650  4 ^aวิจัยเชิงคุณภาพ
710 2  ^aจุฬาลงกรณ์มหาวิทยาลัย.^bคณะพยาบาลศาสตร์
945    ^p300^l0^i23982
945    ^p300^l0^i23983
945    ^p300^l0^i23984
945    ^p300^l0^i23985
945    ^p300^l0^i23986
945    ^p300^l0^i23987
945    ^p300^l0^i23988
945    ^p300^l0^i23989
945    ^p300^l0^i23990
945    ^p300^l0^i23991
995    ^aกัณชพร
999    ^aกัณชพร
รายการนี้ยังไม่มีแท็ก
คุณยังไม่ได้ล็อกอิน คุณสามารถมีกิจกรรมร่วมกับเว็บไซต์ได้ แต่ต้องล็อกอินก่อน ::
  ล็อกอิน

รายการสื่อสารสนเทศ

ลำดับที่ ประเภท เลขเรียก/บาร์โค้ด สถานที่ สถานะ
1. หนังสือสำรอง
หนังสือสำรอง
WY20.5 อ664ก ฉ.1 
  Barcode: 23982
ห้องสมุดวิทยาเขตนครสวรรค์
►หนังสือทั่วไป:l:General Books
บนชั้น
2. วิทยาศาสตร์การแพทย์ และสุขภาพ
วิทยาศาสตร์การแพทย์ และสุขภาพ
WY20.5 อ664ก ฉ.10 
  Barcode: 23991
ห้องสมุดวิทยาเขตนครสวรรค์
►หนังสือทั่วไป:l:General Books
บนชั้น
3. วิทยาศาสตร์การแพทย์ และสุขภาพ
วิทยาศาสตร์การแพทย์ และสุขภาพ
WY20.5 อ664ก ฉ.2 
  Barcode: 23983
ห้องสมุดวิทยาเขตนครสวรรค์
►หนังสือทั่วไป:l:General Books
บนชั้น
4. วิทยาศาสตร์การแพทย์ และสุขภาพ
วิทยาศาสตร์การแพทย์ และสุขภาพ
WY20.5 อ664ก ฉ.3 
  Barcode: 23984
ห้องสมุดวิทยาเขตนครสวรรค์
►หนังสือทั่วไป:l:General Books
บนชั้น
5. วิทยาศาสตร์การแพทย์ และสุขภาพ
วิทยาศาสตร์การแพทย์ และสุขภาพ
WY20.5 อ664ก ฉ.4 
  Barcode: 23985
ห้องสมุดวิทยาเขตนครสวรรค์
►หนังสือทั่วไป:l:General Books
บนชั้น
6. วิทยาศาสตร์การแพทย์ และสุขภาพ
วิทยาศาสตร์การแพทย์ และสุขภาพ
WY20.5 อ664ก ฉ.5 
  Barcode: 23986
ห้องสมุดวิทยาเขตนครสวรรค์
►หนังสือทั่วไป:l:General Books
บนชั้น
7. วิทยาศาสตร์การแพทย์ และสุขภาพ
วิทยาศาสตร์การแพทย์ และสุขภาพ
WY20.5 อ664ก ฉ.6 
  Barcode: 23987
ห้องสมุดวิทยาเขตนครสวรรค์
►หนังสือทั่วไป:l:General Books
บนชั้น
8. วิทยาศาสตร์การแพทย์ และสุขภาพ
วิทยาศาสตร์การแพทย์ และสุขภาพ
WY20.5 อ664ก ฉ.7 
  Barcode: 23988
ห้องสมุดวิทยาเขตนครสวรรค์
►หนังสือทั่วไป:l:General Books
บนชั้น
9. วิทยาศาสตร์การแพทย์ และสุขภาพ
วิทยาศาสตร์การแพทย์ และสุขภาพ
WY20.5 อ664ก ฉ.8 
  Barcode: 23989
ห้องสมุดวิทยาเขตนครสวรรค์
►หนังสือทั่วไป:l:General Books
บนชั้น
10. วิทยาศาสตร์การแพทย์ และสุขภาพ
วิทยาศาสตร์การแพทย์ และสุขภาพ
WY20.5 อ664ก ฉ.9 
  Barcode: 23990
ห้องสมุดวิทยาเขตนครสวรรค์
►หนังสือทั่วไป:l:General Books
บนชั้น

รายการใกล้เคียง
    ผู้แต่ง [อารีย์วรรณ อ่วมตานี]

    หัวเรื่อง [วิจัยเชิงคุณภาพ]

BibComment


ยังไม่เคยถูกคอมเมนท์

คอมเมนท์ทรัพยากรรายการนี้
  คอมเมนท์: การวิจัยเชิงคุณภ..


 Copyright 2026. Bcnsprnw @Library